| 000 | 00727nam a2200217 a 4500 | ||
|---|---|---|---|
| 001 | 13523 | ||
| 003 | BD-JhCC | ||
| 005 | 20240116114115.0 | ||
| 008 | 210315s2019 bg |||| |||| 000 0 ben d | ||
| 020 | _a9789843465122 | ||
| 035 | _a(BD-JhCC)13523 | ||
| 040 |
_aBD-JhCC _dBD-JhCC |
||
| 041 | _abengali | ||
| 082 |
_a954.92 _bJHE 2019 |
||
| 245 |
_aঝিনেদার কথা / _cসম্পা: সুমন শিকদার। |
||
| 260 |
_aঝিনাইদহ: _bবেগবতী প্রকাশনী, ঝিনাইদহ; _c২০১৯. |
||
| 300 |
_a২০৭ পৃ. : _c২১ সেমি. |
||
| 650 | _aBangadesh Jhenaidah History | ||
| 700 | _a শিকদার,সুমন | ||
| 942 |
_2ddc _cBK |
||
| 999 |
_c13523 _d13523 |
||